000 00785nam a22002890a 4500
001 PT7
003 AR-LpoUNG
005 20210131232856.0
008 191001s1993||||ag |||||||||||||||||spa d
020 _a9505060092
_c$22
040 _aAR-LpoUNG
_bspa
_cAR-LpoUNG
_eaacr
041 _aspa
044 _aag
082 0 _a410 39enu
100 1 _aKerbrat-Orecchioni, Catherine
245 1 3 _aLa enunciación :
_bde la subjetividad en el lenguaje
250 _a2da. ed.
260 _aBuenos Aires :
_bEdicial,
_c1993.
300 _a307 p. :
_bil.
505 0 _aColección Universidad /Elvira Arnoux, dir., Lengua-Lingüística-Comunicación.
650 4 _aANTROPOLOGIA
650 4 _aFONETICA
650 4 _aLINGÜISTICA
650 4 _aSEMANTICA
905 _a7
942 _cLIB
999 _c17928
_d17928